|
|
|
|
| LEADER |
00000nam0a2200000 4500 |
| 001 |
247619 |
| 005 |
20231101232320.0 |
| 035 |
|
|
|a (RuTPU)RU\TPU\book\269189
|
| 090 |
|
|
|a 247619
|
| 100 |
|
|
|a 20140111d1965 m y0rusy50 ca
|
| 101 |
0 |
|
|a rus
|
| 102 |
|
|
|a RU
|
| 105 |
|
|
|a a j 001zy
|
| 200 |
1 |
|
|a Гидравлика, гидравлические машины и гидропривод
|e учебник
|f А. П. Юфин
|
| 210 |
|
|
|a Москва
|c Высшая школа
|d 1965
|
| 215 |
|
|
|a 427 с.
|c ил.
|
| 320 |
|
|
|a Библиогр.: с. 420-421.
|
| 606 |
1 |
|
|a Гидравлика
|2 stltpush
|3 (RuTPU)RU\TPU\subj\6462
|9 34344
|
| 606 |
1 |
|
|a Гидравлические машины
|2 stltpush
|3 (RuTPU)RU\TPU\subj\6480
|9 34359
|
| 610 |
1 |
|
|a учебники
|
| 610 |
1 |
|
|a жидкости
|
| 610 |
1 |
|
|a физические свойства
|
| 610 |
1 |
|
|a гидростатика
|
| 610 |
1 |
|
|a кинематика
|
| 610 |
1 |
|
|a гидродинамика
|
| 610 |
1 |
|
|a турбулентное движение
|
| 610 |
1 |
|
|a напорное движение
|
| 610 |
1 |
|
|a гидравлические струи
|
| 610 |
1 |
|
|a гидравлический удар
|
| 610 |
1 |
|
|a насосы
|
| 610 |
1 |
|
|a турбины
|
| 675 |
|
|
|a 532(075.8)
|v 3
|
| 675 |
|
|
|a 621.22(075.8)
|v 3
|
| 700 |
|
1 |
|a Юфин
|b А. П.
|g Андрей Павлович
|
| 801 |
|
1 |
|a RU
|b 63413507
|c 20140111
|
| 801 |
|
2 |
|a RU
|b 63413507
|c 20220607
|g RCR
|
| 942 |
|
|
|c BK
|